La hora XXV (Record no. 182389)
[ view plain ]
| 000 -LEADER | |
|---|---|
| campo de control de longitud fija | 00692nas a2200193 i 4500 |
| 001 - NÚMERO DE CONTROL | |
| campo de control | 182389 |
| 003 - IDENTIFICADOR DE NÚMERO DE CONTROL | |
| campo de control | ES-MaACL |
| 005 - FECHA Y HORA DE LA ÚLTIMA TRANSACCIÓN | |
| campo de control | 20250217134906.0 |
| 008 - DATOS DE LONGITUD FIJA--INFORMACIÓN GENERAL | |
| campo de control de longitud fija | 130807d19561982sp w| | ||pa d |
| 022 ## - NÚMERO INTERNACIONAL NORMALIZADO PARA PUBLICACIONES SERIADAS | |
| Número Internacional Normalizado para Publicaciones Seriadas | 0211-3457 |
| 245 03 - MENCIÓN DEL TÍTULO | |
| Título | La hora XXV |
| Resto del título | : al servicio del médico. |
| 260 ## - PUBLICACIÓN, DISTRIBUCIÓN, ETC. | |
| Lugar de publicación, distribución, etc. | Barcelona : |
| Nombre del editor, distribuidor, etc. | LYE, |
| Fecha de publicación, distribución, etc. | 1956-1982. |
| 300 ## - DESCRIPCIÓN FÍSICA | |
| Extensión | 18 v. : |
| Otras características físicas | il. ; |
| Dimensiones | 18 cm. |
| 310 ## - PERIODICIDAD ACTUAL | |
| Periodicidad actual | Mensual |
| 362 0# - FECHAS DE PUBLICACIÓN Y/O DESIGNACIÓN SECUENCIAL | |
| Fecha de publicación y/o designación secuencial | Nº 1 (1956)-nº 300 (sept-oct. 1982) |
| 852 ## - LOCALIZACIÓN | |
| Ubicación | ES-MaACL |
| Número de control de estantería | 2322-F-1-18 |
| Nota libre | .- Donat. herederos de la bibl. de Mª del Pilar Costa Palacín |
| 866 #0 - MENCIÓN TEXTUAL DE FONDOS--UNIDAD BIBLIOGRÁFICA BÁSICA | |
| Fondos | 1958 (nº 9-11, 13,15-16), 1960 (nº 37, 39, 41), 1961 (nº 45-47, 50, 52), 1962 (nº 57-58, 64), 1963 (nº 69) |
| Estatus retirado | Estado de pérdida | Estado de daño | No para préstamo | Colección | Biblioteca de origen | Biblioteca actual | Ubicación en estantería | Fecha de adquisición | Fuente de adquisición | Total de préstamos | Signatura topográfica completa | Código de barras | Visto por última vez | Precio de reemplazo | Tipo de ítem Koha |
|---|---|---|---|---|---|---|---|---|---|---|---|---|---|---|---|
| Colección de folletos | Biblioteca del Ateneo de Madrid | Biblioteca del Ateneo de Madrid | Depósito folletos | 07/08/2013 | 2322-F-1-18 | 1191667 | 23/02/2023 | 23/02/2023 | Folleto |
